00510caa a22001452a 4500001000900000003001100009008004300020100001900063245002300082300001500105500007900120650005700199546001300256773009500269 014818 AR-FADEU 311216n########xxu####################dd aCapote, Truman aA christmas memory aPP 141-157 aEn: Breakfast at Tiffany's / Truman Capote. New York, Penguin Books, 1958  aLITERATURA ESTADOUNIDENSE-SIGLO XX; NOVELA/REVISADO/ aInglés0 020573aCapote, TrumanbdNew Yorko04697tBreakfast at Tiffany'sw( AR-FADEU) 014813xz